Most Streamed Rappers A--Z - Statistics

General Stats
  • This quiz has been taken 46 times
  • The average score is 7 of 26
Answer Stats
Letter Streams Answer % Correct
D 128B Drake
85%
K 61B Kanye West
82%
L 38B Lil Wayne
70%
E 62B Eminem
67%
X 39B XXXTentacion
52%
F 51B Future
42%
T 62B Travis Scott
42%
J 44B Juice Wrld
36%
A 23B ASAP Rocky
27%
N 41B Nicki Minaj
27%
P 53B Post Malone
27%
C 21B Cardi B
24%
Y 29B Young Thug
24%
G 26B Gunna
18%
Q 18B Quavo
18%
W 24B Wiz Khalifa
18%
O 6B Outkast
12%
R 13B Roddy Ricch
12%
M 27B Metro Boomin
9%
I 6B Iann Dior
6%
V 3B Vince Staples
3%
B 15B Big Sean
0%
H 3B Hamza
0%
S 20B $uicideboy$
0%
U 2B Upchurch
0%
Z 2B Zacari
0%
No matching quizzes found
Score Distribution
Percent of People with Each Score
Percentile by Number Answered
Your Score History
You have not taken this quiz